000
00320nam a22001337a 4500
082
_a
894.812.3
_b
SAN/H
100
_a
SANKUNNI,T.R
245
_a
HITHOPADESAKATHAKAL
246
_a
HITHOPADESAKATHAKAL
_b
HITHOPADESAKATHAKAL
260
_a
THRISSUR
_b
H&C
_c
2018
300
_a
240
520
_a
HITHOPADESA KATHAKAL
942
_c
BK
999
_c
8360
_d
8360